| 000 | 00605pab a2200181 454500 | ||
|---|---|---|---|
| 008 | 180718b2017 xxu||||| |||| 00| 0 eng d | ||
| 100 | _aNaresh Kumar | ||
| 245 | _aSecondary education at the crossroads: a reflection on social, gender and regional disparity in J & K | ||
| 260 | _c2017 | ||
| 300 | _ap.89-102. | ||
| 362 | _aJun | ||
| 650 | _aWomen - India - Jammu and Kashmir | ||
| 650 | _aRegional disparities - India - Jammu and Kashmir | ||
| 650 | _aSecondary education - India - Jammu and Kashmir | ||
| 650 | _aSecondary education | ||
| 773 | _aMan and Development | ||
| 909 | _a115379 | ||
| 999 |
_c115373 _d115373 |
||